Govt. of
Madhya Pradesh

Lala Amarnath (Record no. 13832)

MARC details
000 -LEADER
fixed length control field 005140000a22001930004500
001 - CONTROL NUMBER
control field 001916
003 - CONTROL NUMBER IDENTIFIER
control field MACL
005 - DATE AND TIME OF LATEST TRANSACTION
control field 20150830155545.0
008 - FIXED-LENGTH DATA ELEMENTS--GENERAL INFORMATION
fixed length control field 150830b xxu||||| |||| 00| 0 eng d
040 ## - CATALOGING SOURCE
Original cataloging agency MACL
Transcribing agency MACL
041 ## - LANGUAGE CODE
Language code of text/sound track or separate title English
082 ## - DEWEY DECIMAL CLASSIFICATION NUMBER
Classification number 796.358/WAD
100 ## - MAIN ENTRY--PERSONAL NAME
Personal name Wadhwaney, Kishin
9 (RLIN) 8054
245 ## - TITLE STATEMENT
Title Lala Amarnath
Remainder of title A Stormy Petrel of Indian Cricket
Statement of responsibility, etc. Kishin Wadhwaney
260 ## - PUBLICATION, DISTRIBUTION, ETC. (IMPRINT)
Place of publication, distribution, etc. New Delhi
Date of publication, distribution, etc. 2000
Name of publisher, distributor, etc. Ajanta Books International,
350 ## - PRICE (NR) (BK AM CF MU VM SE) [OBSOLETE]
Price 195
650 ## - SUBJECT ADDED ENTRY--TOPICAL TERM
Topical term or geographic name as entry element Sports
9 (RLIN) 8055
942 ## - ADDED ENTRY ELEMENTS (KOHA)
Call number prefix 796
Koha item type Books
Source of classification or shelving scheme
Holdings
Withdrawn status Lost status Source of classification or shelving scheme Damaged status Not for loan Home library Current library Date acquired Cost, normal purchase price Total Checkouts Full call number Barcode Date last seen Date last checked out Uniform Resource Identifier Price effective from Koha item type
          MACL MACL 15/04/2015 195.00 2 796.358/WAD CRE014449 02/05/2024 18/03/2016 13711 15/04/2015 Books